| 000 | 00924nam a2200229Ia 4500 | ||
|---|---|---|---|
| 003 | GCL | ||
| 008 | 140319s9999 xx 000 0 ara d | ||
| 040 |
_aGCL / _cGCL |
||
| 082 | 0 | 4 |
_a920.71 _bم ش |
| 100 | 1 | _aمحمد بن ابراهيم الشيبانى | |
| 245 | 1 | 0 |
_aشيخ الباحثين الرئيس محمد كرد على رحمه الله (1293_1372هـ) / _cمحمد بن ابراهيم الشيبانى |
| 700 | 1 | _aجمعية احياء التراث الاسلامى | |
| 260 |
_a[S.N] : _bمركز المخطوطات والتراث والوثائق ، _c1993 |
||
| 300 | _a80 ص | ||
| 490 |
_aمنشورات مركز المخطوطات والتراث والوثائق _v0 |
||
| 650 | 0 | 4 | _aاللغة العربية |
| 650 | 0 | 4 | _aالتراجم |
| 650 | 0 | 4 | _aالتراجم الذاتية |
| 650 | 0 | 4 | _aمحمد كرد على |
| 650 | 0 | 4 | _aالببليوجرافيا الذاتية |
| 942 |
_2ddc _cBK |
||
| 999 |
_c35919 _d35919 |
||